00461 a2200157 4500010001400000020002300014035001300037037001800050082001000068100002100078245005300099260004300152270006000195300002900255500001900284 aENG-85396 c140.00a8172012918 aEN-68929 bD.B.Act / Pub14a840.91 aZaidi, Ali Jawad1 aA history of urdu literaturecby Ali Jawad Zaidi aNew DelhibSahitya Akademic2006 (rep) aRavindra Bhawan, 35, Ferozshah RoadbNew Delhie110 001 axvi, 459 p.c21 cm (Hb.) aIncludes index